Etica y acción
Saved in:
| Main Author: | |
|---|---|
| Format: | Book |
| Language: | Spanish |
| Published: |
Santiago
Dolmen
1996
|
| Series: | Colección Dolmen Ensayo
|
| Subjects: | |
| Tags: |
Add Tag
No Tags, Be the first to tag this record!
|
MARC
| LEADER | 00000nam a2200000 a 4500 | ||
|---|---|---|---|
| 001 | UCO0062 | ||
| 003 | CL-VaPUC | ||
| 008 | 000407e19960000CL |||||||||||||||||spa|d | ||
| 082 | 0 | 4 | |a 170 |b VAR |2 21 |
| 100 | |a Varela García, Francisco Javier |e autor |9 563379 | ||
| 245 | 1 | 0 | |a Etica y acción |
| 300 | |a 101 p | ||
| 942 | |c BK | ||
| 945 | |d 20000407 00:00:00 |a rbrito | ||
| 260 | |a Santiago |b Dolmen |c 1996 | ||
| 650 | 0 | |a Ética |9 255099 | |
| 650 | 0 | |a Valores sociales |9 309627 | |
| 583 | |a last modification |c 20000407 00:00:00 |k Rodrigo Vera | ||
| 490 | 0 | |a Colección Dolmen Ensayo | |
| 999 | |c 286784 |d 286782 | ||
| 952 | |0 0 |1 0 |4 0 |6 170_000000000000000_VAR_1996 |7 0 |8 A |9 332914 |a BIBEDU |b BIBEDU |d 2019-11-20 |i 3612694 |l 1 |o 170 VAR 1996 |p 3612694 |r 2023-07-24 |s 2023-07-24 |w 2019-11-20 |y BK |k PSI | ||
| 952 | |0 0 |1 2 |4 0 |6 170_000000000000000_VAR_1996 |7 0 |8 A |9 332915 |a BIBTEO |b BIBTEO |d 2019-11-20 |i 3223825 |o 170 VAR 1996 |p 3223825 |r 2019-11-20 |w 2019-11-20 |y BK |k ICR | ||
| 952 | |0 0 |1 0 |4 0 |6 170_000000000000000_VAR_1996 |7 0 |8 A |9 332916 |a FDOPOS |b FDOPOS |d 2019-11-20 |i 4269039 |l 1 |o 170 VAR 1996 |p 4269039 |r 2025-01-22 |s 2023-03-28 |w 2019-11-20 |y BK |k MLA | ||